| 000 | 00505ngm a22002057a 4500 | ||
|---|---|---|---|
| 005 | 20170221152745.0 | ||
| 008 | 160921b xxu||||| |||| 00| 0 spa d | ||
| 041 | _aspa | ||
| 082 | _a23 DVD | ||
| 245 | _aNaturalmente comprometidos=Naturally committed. | ||
| 260 | _bCosta Rica | ||
| 260 | _aINBIO | ||
| 260 | _c2009 | ||
| 300 | _a15 minutos | ||
| 650 |
_aCOSTA RICA _940466 |
||
| 650 |
_aBIODIVERSIDAD _91061 |
||
| 650 |
_aCONSERVACIÓN _9928 |
||
| 650 |
_aPARQUES NACIONALES _9897 |
||
| 942 | _cDVD | ||
| 999 |
_c8866 _d8866 |
||